Immersive audio signal processing (E-BOOK) (Record no. 193141)

000 -LEADER
fixed length control field 01063 a2200289 4500
003 - CONTROL NUMBER IDENTIFIER
control field Nust
005 - DATE AND TIME OF LATEST TRANSACTION
control field 20170207154052.0
010 ## - LIBRARY OF CONGRESS CONTROL NUMBER
LC control number 2005934526
020 ## - INTERNATIONAL STANDARD BOOK NUMBER
International Standard Book Number 0387284532 (hbk.)
020 ## - INTERNATIONAL STANDARD BOOK NUMBER
International Standard Book Number 9780387284538
035 ## - SYSTEM CONTROL NUMBER
System control number (OCoLC)ocm63514158
040 ## - CATALOGING SOURCE
Transcribing agency Nust
082 ## - DEWEY DECIMAL CLASSIFICATION NUMBER
Classification number 621.3822
100 1# - MAIN ENTRY--PERSONAL NAME
Personal name Bharitkar, Sunil.
245 10 - TITLE STATEMENT
Title Immersive audio signal processing (E-BOOK)
Statement of responsibility, etc. Sunil Bharitkar, Chris Kyriakakis.
260 ## - PUBLICATION, DISTRIBUTION, ETC.
Place of publication, distribution, etc. New York :
Name of publisher, distributor, etc. Springer,
Date of publication, distribution, etc. 2006.
300 ## - PHYSICAL DESCRIPTION
Extent xiv, 215 p. :
Other physical details ill. ;
Dimensions 25 cm.
440 #0 - SERIES STATEMENT/ADDED ENTRY--TITLE
Title Information technology--transmission, processing, and storage
500 ## - GENERAL NOTE
General note Textbook for graduates.
650 #0 - SUBJECT ADDED ENTRY--TOPICAL TERM
Topical term or geographic name entry element Acoustical engineering.
650 #0 - SUBJECT ADDED ENTRY--TOPICAL TERM
Topical term or geographic name entry element Signal processing
General subdivision Digital techniques.
650 #0 - SUBJECT ADDED ENTRY--TOPICAL TERM
Topical term or geographic name entry element Telecommunications engineering - (E-BOOK)
651 ## - SUBJECT ADDED ENTRY--GEOGRAPHIC NAME
Geographic name Immersive audio signal processing (E-BOOK)
700 1# - ADDED ENTRY--PERSONAL NAME
Personal name Kyriakakis, Chris.
856 42 - ELECTRONIC LOCATION AND ACCESS
Materials specified Publisher description
Uniform Resource Identifier <a href="http://www.loc.gov/catdir/enhancements/fy0663/2005934526-d.html">http://www.loc.gov/catdir/enhancements/fy0663/2005934526-d.html</a>
856 42 - ELECTRONIC LOCATION AND ACCESS
Materials specified Table of contents only
Uniform Resource Identifier <a href="http://www.loc.gov/catdir/enhancements/fy0823/2005934526-t.html">http://www.loc.gov/catdir/enhancements/fy0823/2005934526-t.html</a>
942 ## - ADDED ENTRY ELEMENTS (KOHA)
Source of classification or shelving scheme
Koha item type Book
Holdings
Withdrawn status Lost status Source of classification or shelving scheme Damaged status Not for loan Collection code Permanent Location Current Location Date acquired Total Checkouts Full call number Barcode Date last seen Price effective from Koha item type
            Military College of Signals (MCS) Military College of Signals (MCS) 12/12/2016   621.3822 BHA MCSEB-2478 12/08/2016 12/12/2016 Book
© 2023 Central Library, National University of Sciences and Technology. All Rights Reserved.